Nuclear Politics and the Challenges of Governance (Record no. 317476)

000 -LEADER
fixed length control field 00389 a2200145 4500
001 - CONTROL NUMBER
control field 82403
003 - CONTROL NUMBER IDENTIFIER
control field NUST
005 - DATE AND TIME OF LATEST TRANSACTION
control field 20180119192949.0
008 - FIXED-LENGTH DATA ELEMENTS--GENERAL INFORMATION
fixed length control field 180119b xxu||||| |||| 00| 0 eng d
082 ## - DEWEY DECIMAL CLASSIFICATION NUMBER
Classification number 355.021709549 ALI
100 ## - MAIN ENTRY--PERSONAL NAME
Personal name Akhtar Ali
9 (RLIN) 9141
245 ## - TITLE STATEMENT
Title Nuclear Politics and the Challenges of Governance
Medium English
260 ## - PUBLICATION, DISTRIBUTION, ETC.
Place of publication, distribution, etc. Karachi
Name of publisher, distributor, etc. Royal Book Company
Date of publication, distribution, etc. 1999
300 ## - PHYSICAL DESCRIPTION
Extent xii241p.
500 ## - GENERAL NOTE
General note General Books
505 ## - FORMATTED CONTENTS NOTE
Formatted contents note AHQ Books
942 ## - ADDED ENTRY ELEMENTS (KOHA)
Institution code [OBSOLETE] caenust
Koha item type Book
Call number prefix 355.021709549 ALI
Source of classification or shelving scheme
Holdings
Withdrawn status Lost status Damaged status Not for loan Collection code Permanent Location Current Location Date acquired Total Checkouts Full call number Barcode Date last seen Price effective from Koha item type
          College of Aeronautical Engineering (CAE) College of Aeronautical Engineering (CAE) 04/03/2017   355.021709549 ALI CAE82949 04/05/2017 04/05/2017 Book
© 2023 Central Library, National University of Sciences and Technology. All Rights Reserved.